LEADER 01298nam a2200277 i 4500 001 000000105524 003 CaOOAMICUS 005 20250612124527.0 008 020809s1995 it u000 u mul u 013 $a77718 020 $a8880690086 040 $aSeMil$bita 100 1 $aConti, Flavio <1943->.$0(OLS)http://semarc/name/5801 245 10$aPraesidia itineris :$bla difesa delle vie commerciali tra il Mediterraneo e il Mare del Nord /$cFlavio Conti. 260 $a[Italia] :$bDiakronia,$c1995. 300 $a171 p. :$bricc. ill. ;$c31 cm. 500 $aSul front. : Rotary Club Milano, Aquileia ; Rotary Club Dijon Sud ; con la partecipazione di Rotary Club Aosta, Rotary Club Courmayeur-Valdigne. 650 4$aEuropa - Castelli.$0(OLS)http://semarc/subject/57834 650 4$aCastelli - Storia - Medioevo.$0(OLS)http://semarc/subject/14203 850 $aSeMil 852 $aSeMil$W1$xVenegono$y1$m5I IX 67$j61703$B61703$CSeMilBibl$Z2$F71913 $8I 961 $aOmaggio: Altro 996 $6020$a8880690086$9(OLS)http://semarc/number/85589 996 $6245$aPraesidia itineris :$bla difesa delle vie commerciali tra il Mediterraneo e il Mare del Nord$9(OLS)http://semarc/title/152752 996 $6260$a[Italia] :$bDiakronia$9(OLS)http://semarc/publisher/44766 LEADER 01059nam a2200241 i 4500 001 000000131078 003 CaOOAMICUS 005 20060621000000.0 008 060621s1928 it u000 u ita u 013 $a103935 040 $aSeMil$bita 100 1 $aMussolini, Arnaldo,$d<1885-1931>.$0(OLS)http://semarc/name/54195 245 10$aCommento alla Carta del Lavoro /$cArnaldo Mussolini. 260 $aMilano :$bFederazione provinciale fascista dei commercianti,$c1928. 300 $a79 p., [1] c. di tav. :$britr. ;$c24 cm. 490 0 $aBiblioteca del commerciante ;$vVol.2. 650 4$aFascismo - Lavoro.$0(OLS)http://semarc/subject/25848 830 0$aBiblioteca del commerciante ;$vVol.2.$0(OLS)http://semarc/title/21036 850 $aSeMil 852 $aSeMil$W1$xVenegono$y1$m3N III 491$j85073$B85073$CSeMilBibl$Z2$F88713 $81 961 $aRecupero: Altro 996 $6245$aCommento alla Carta del Lavoro$9(OLS)http://semarc/title/192958 996 $6260$aMilano :$bFederazione provinciale fascista dei commercianti$9(OLS)http://semarc/publisher/34275